000 00945nam a2200265 a 4500
999 _c2365
_d2365
008 200313s2018 ii ad||g m|||a00| 0 eng d
040 _aKO
_beng
041 0 _aeng
044 _aii
082 0 4 _223
_a378.242
_bIRM1727
100 1 _aKrishna, S Vijay
_eResearcher
245 1 0 _aOrganization Study of Cochin Port Trust with Special Reference to Liquid Bulk Cargo /
_cS Vijay Krishna ; Guide Dr. U. Sreejith
260 _aKochi :
_bIndian Maritime University,
_c2018
300 _avarious pagenation. :
_bill., charts ;
_c29 cm.
490 0 _aMBA Internship 2017-19 ;
_v1705305027
502 _aInternship (MBA)–Indian Maritime University. School of Maritime Management, 2019.
610 2 0 _aCochin Port Trust
650 0 _aPort au Port Peninsula (N.L.)
650 0 _aBulk carrier cargo ships
655 7 _2lcsh
_aDissertations, Academic
_y2018
700 1 _aSreejith, U.
_cDr.
_eGuide
904 _aReshma_R
942 _cTH